00481 2200193 4500001002100000005001500021008004100036020001800077035001900095041000700114082001000121090001600131100002300147700001600170245001800186260002700204300003600231650002000267INLIS00000000001478020241224114817241224||||||||| | ||| |||| || |  a979-547-946-6 0010-1224014780 aid0 a500.5 a500.5 HAR r0 aEndang Sri Nuryani0 aH. Hartanto00aRuang Angkasa aBandungbAngkasac1994 a21x14,5 cm, vi, 52 hlm.; ilus.: 0aIlmu-ilmu Murni